书目信息 |
| 题名: |
地震作用下水-结构动力相互作用分析方法
|
|
| 作者: | 王丕光, , 赵密 , 杜修力 著 | |
| 分册: | ||
| 出版信息: | 北京 中国建筑工业出版社 2024.10 |
|
| 页数: | 178页 | |
| 开本: | 26cm | |
| 丛书名: | ||
| 单 册: | ||
| 中图分类: | P75 | |
| 科图分类: | ||
| 主题词: | 海洋工程--hai yang gong cheng--结构动力学--动力学分析 | |
| 电子资源: | ||
| ISBN: | 978-7-112-30200-0 | |
| 000 | 01854nam0 2200277 450 | |
| 001 | 91127 | |
| 005 | 20250816163411.98 | |
| 010 | @a978-7-112-30200-0@dCNY59.00 | |
| 100 | @a20250310d2024 em y0chiy50 ea | |
| 101 | 0 | @achi |
| 102 | @aCN@b110000 | |
| 105 | @aa a 000yy | |
| 106 | @ar | |
| 200 | 1 | @a地震作用下水-结构动力相互作用分析方法@Adi zhen zuo yong xia shui - jie gou dong li xiang hu zuo yong fen xi fang fa@f王丕光, 赵密, 杜修力著 |
| 210 | @a北京@c中国建筑工业出版社@d2024.10 | |
| 215 | @a178页@c图@d26cm | |
| 314 | @a王丕光, 男, 博士, 1985年生, 北京工业大学教授, 博士生导师。 | |
| 320 | @a有书目 | |
| 330 | @a本书从高精度分析方法和简化分析方法两个层面对地震作用下水-结构动力相互作用进行研究, 兼顾科学研究和工程应用需求。全书共分9章。第1章对水-结构动力相互作用的研究背景和意义、理论基础、研究方法以及研究内容作了全面阐述。第2章论述了可压缩水体与结构动力相互作用的时域整体分析方法, 本章提出方法为后续章节研究奠定了基础。第3章、第4章研究了地震作用下结构与可压缩势流体相互作用的频域子结构方法和时域子结构方法。第3章内容是后续章节建立地震作用下水-结构相互作用简化方法的依据, 第4章为涉水结构的非线性地震反应分析提供了高效率、高精度计算方法。第5章推导了多个圆柱及任意光滑截面柱体的地震动水压力解析解, 给出了多个柱体辐射波和散射波压力的解析计算公式以及总动水压力的计算方法。第6章、第7章分别针对地震作用下工程常见结构和柔性柱体与水动力相互作用的简化方法, 提出了动水压力的附加质量简化公式, 可供涉水工程结构的抗震设计使用。第8章、第9章针对储液水箱、浮式垂直圆柱和水平圆柱潜体结构的地震动水压力进行了研究, 给出了简化分析方法, 可为实际工程设计和计算提供科学依据。 | |
| 606 | 0 | @a海洋工程@Ahai yang gong cheng@x结构动力学@x动力学分析 |
| 690 | @aP75@v5 | |
| 701 | 0 | @a王丕光,@Awang pi guang@f1985-@4著 |
| 701 | 0 | @a赵密@Azhao mi@4著 |
| 701 | 0 | @a杜修力@Adu xiu li@4著 |
| 801 | 0 | @aCN@c20250909 |
| 905 | @a河南城建学院图书馆@dP75@eW302@f1 | |
| 地震作用下水-结构动力相互作用分析方法/王丕光, 赵密, 杜修力著.-北京:中国建筑工业出版社,2024.10 |
| 178页:图;26cm |
| ISBN 978-7-112-30200-0:CNY59.00 |
| 本书从高精度分析方法和简化分析方法两个层面对地震作用下水-结构动力相互作用进行研究, 兼顾科学研究和工程应用需求。全书共分9章。第1章对水-结构动力相互作用的研究背景和意义、理论基础、研究方法以及研究内容作了全面阐述。第2章论述了可压缩水体与结构动力相互作用的时域整体分析方法, 本章提出方法为后续章节研究奠定了基础。第3章、第4章研究了地震作用下结构与可压缩势流体相互作用的频域子结构方法和时域子结构方法。第3章内容是后续章节建立地震作用下水-结构相互作用简化方法的依据, 第4章为涉水结构的非线性地震反应分析提供了高效率、高精度计算方法。第5章推导了多个圆柱及任意光滑截面柱体的地震动水压力解析解, 给出了多个柱体辐射波和散射波压力的解析计算公式以及总动水压力的计算方法。第6章、第7章分别针对地震作用下工程常见结构和柔性柱体与水动力相互作用的简化方法, 提出了动水压力的附加质量简化公式, 可供涉水工程结构的抗震设计使用。第8章、第9章针对储液水箱、浮式垂直圆柱和水平圆柱潜体结构的地震动水压力进行了研究, 给出了简化分析方法, 可为实际工程设计和计算提供科学依据。 |
| ● |
| 相关链接 |
|
|
|
正题名:地震作用下水-结构动力相互作用分析方法
索取号:P75/W302
 
预约/预借
| 序号 | 登录号 | 条形码 | 馆藏地/架位号 | 状态 | 备注 |
| 1 | 1625089 | 216250893 | 自科库401/401自科库 134排2列5层/ [索取号:P75/W302] | 在馆 |